[Event "Bolduc III - section B"]
[Site "Montreal CAN"]
[Date "2004.05.17"]
[Round "9"]
[White "Libersan, Thierry"]
[Black "Charbonneau, Anne-Marie"]
[Result "1/2-1/2"]
[WhiteElo "2080"]
[BlackElo "2086"]
[PlyCount "54"]
[GameId "2160767911175329"]
[EventDate "2004.03.22"]
[EventType "tourn"]
[EventRounds "9"]
[EventCountry "CAN"]

1. e4 c5 2. Nf3 e6 3. d4 cxd4 4. Nxd4 Nf6 5. Nc3 d6 6. g4 h6 7. h4 Be7 8. Rg1 d5 9. Bb5+ Kf8 10. g5 hxg5 11. Bxg5 Nxe4 12. Nxe4 dxe4 13. Bxe7+ Qxe7 14. Qd2 e5 15. Ne2 Be6 16. O-O-O Nc6 17. Bxc6 bxc6 18. Qa5 f6 19. Ng3 Rxh4 20. Rh1 Rxh1 21. Rxh1 Kf7 22. Nxe4 Bd5 23. Re1 Bxe4 24. Rxe4 Qd7 25. Re3 Rc8 26. Rd3 Qc7 27. Qc5 Ke6 1/2-1/2

[Event "Bolduc III - section B"]
[Site "Montreal CAN"]
[Date "2004.05.17"]
[Round "9"]
[White "Robidas, Francois"]
[Black "Corriveau, Philippe"]
[Result "1/2-1/2"]
[WhiteElo "1941"]
[BlackElo "2038"]
[PlyCount "62"]
[GameId "2160767911175330"]
[EventDate "2004.03.22"]
[EventType "tourn"]
[EventRounds "9"]
[EventCountry "CAN"]

1. e4 e5 2. Nf3 Nc6 3. Bb5 a6 4. Bxc6 dxc6 5. O-O Bd6 6. d4 exd4 7. Qxd4 f6 8. Re1 Be6 9. Be3 Ne7 10. Nbd2 Ng6 11. Nc4 Bb4 12. c3 Qxd4 13. Nxd4 Bxc4 14. cxb4 Ne5 15. b3 Bf7 16. f4 Ng6 17. Re2 O-O 18. Nf3 Rad8 19. g3 Rfe8 20. Bd4 f5 21. e5 Bd5 22. Nd2 Nf8 23. Bf2 Ne6 24. Rc1 Kf7 25. Be3 Rg8 26. Kf2 h6 27. h4 g5 28. fxg5 hxg5 29. Bxg5 Nxg5 30. hxg5 Rxg5 31. Rc3 Ke6 1/2-1/2

[Event "Bolduc III - section B"]
[Site "Montreal CAN"]
[Date "2004.05.17"]
[Round "9"]
[White "Thomas, William"]
[Black "Laframboise, Marc-Andre"]
[Result "0-1"]
[WhiteElo "1998"]
[BlackElo "2137"]
[PlyCount "30"]
[GameId "2160767911175331"]
[EventDate "2004.03.22"]
[EventType "tourn"]
[EventRounds "9"]
[EventCountry "CAN"]

1. d4 d5 2. c4 c6 3. Nc3 Nf6 4. Bg5 e6 5. e3 Nbd7 6. f4 h6 7. Bh4 g5 8. fxg5 Nh7 9. e4 hxg5 10. Bg3 dxe4 11. Nxe4 Bb4+ 12. Nd2 Nhf6 13. Bd3 Nc5 14. dxc5 Qxd3 15. Qe2 Qxd2+ 0-1

[Event "British Columbia-ch"]
[Site "Vancouver CAN"]
[Date "2004.04.09"]
[Round "1"]
[White "McLaren, Brian"]
[Black "Marosi, Gyorgy"]
[Result "1-0"]
[WhiteElo "2142"]
[BlackElo "2131"]
[PlyCount "73"]
[GameId "2160767911166721"]
[EventDate "2004.04.09"]
[EventType "tourn"]
[EventRounds "7"]
[EventCountry "CAN"]
[SourceTitle "EXT 2006"]
[Source "ChessBase"]
[SourceDate "2005.11.24"]
[SourceVersion "1"]
[SourceVersionDate "2005.11.24"]
[SourceQuality "1"]

1. g3 g6 2. Bg2 Bg7 3. e4 d6 4. d4 Nf6 5. Ne2 O-O 6. O-O e5 7. Nbc3 Nc6 8. dxe5 Nxe5 9. h3 Be6 10. b3 Nc6 11. Bb2 Qd7 12. Nf4 Rad8 13. Rb1 Ne7 14. Qe2 c6 15. Rfd1 Qc8 16. Rd3 Rfe8 17. Ba3 Qc7 18. Qd2 Nc8 19. Rd1 Qa5 20. Na4 Qxd2 21. R1xd2 b5 22. Nc3 Nd7 23. Nxe6 Rxe6 24. f4 a5 25. Ne2 b4 26. Bc1 Nc5 27. Nd4 Rxe4 28. Bxe4 Nxe4 29. Nxc6 Nxd2 30. Nxd8 Ne4 31. Nb7 Kf8 32. Nxa5 Nb6 33. Be3 Nd7 34. Kg2 Ndc5 35. Rd1 Nc3 36. Rxd6 N5e4 37. Rb6 1-0

[Event "British Columbia-ch"]
[Site "Vancouver CAN"]
[Date "2004.04.09"]
[Round "1.2"]
[White "Wu, Howard"]
[Black "Fullbrook, Nigel"]
[Result "1-0"]
[WhiteElo "2182"]
[BlackElo "2200"]
[PlyCount "52"]
[GameId "2160767911166723"]
[EventDate "2004.04.09"]
[EventType "tourn"]
[EventRounds "7"]
[EventCountry "CAN"]

1. c4 e5 2. Nc3 f5 3. g3 Nf6 4. Bg2 Nc6 5. e3 Be7 6. Nge2 O-O 7. O-O d6 8. d4 Qe8 9. Nd5 Bd8 10. Nec3 g5 11. Nxf6+ Rxf6 12. Nd5 Rh6 13. b4 g4 14. dxe5 Nxe5 15. e4 Rg6 16. exf5 Bxf5 17. Nf4 Rg7 18. Qd5+ Kh8 19. Qxb7 Rc8 20. Qd5 Bf6 21. Bb2 Qf7 22. Rad1 Nf3+ 23. Bxf3 Bxb2 24. Qxf7 Rxf7 25. Bd5 Re7 26. Bc6 Be4 1-0

[Event "British Columbia-ch"]
[Site "Vancouver CAN"]
[Date "2004.04.09"]
[Round "1.3"]
[White "Meng, Fanhao"]
[Black "Stanford, Mike"]
[Result "1-0"]
[WhiteElo "2296"]
[BlackElo "2176"]
[PlyCount "99"]
[GameId "2160767911166724"]
[EventDate "2004.04.09"]
[EventType "tourn"]
[EventRounds "7"]
[EventCountry "CAN"]

1. e4 c5 2. c3 Nf6 3. e5 Nd5 4. d4 cxd4 5. Nf3 e6 6. cxd4 b6 7. Nc3 Nxc3 8. bxc3 Qc7 9. Bd2 Bb7 10. Bd3 d6 11. O-O Nd7 12. Bf4 dxe5 13. Nxe5 Nxe5 14. Bxe5 Bd6 15. Bb5+ Bc6 16. Bxc6+ Qxc6 17. d5 Qc5 18. Bxd6 Qxd6 19. dxe6 Qxd1 20. exf7+ Kxf7 21. Rfxd1 Rhe8 22. Rd7+ Re7 23. Rad1 Rc8 24. Rxe7+ Kxe7 25. Rd3 Rc5 26. Kf1 Ra5 27. Rd2 Rc5 28. Rc2 Kd6 29. Ke2 Rh5 30. h3 Rg5 31. g3 Re5+ 32. Kd2 Kc6 33. Kd3 Rd5+ 34. Ke4 Kd6 35. Re2 Re5+ 36. Kd3 Rf5 37. f4 g5 38. Ke4 Ke6 39. fxg5 Rc5 40. h4 Ra5 41. Kd3+ Kf7 42. Kd4 Rf5 43. c4 Ra5 44. Rf2+ Kg7 45. Rd2 Kf7 46. Kc3 Ke7 47. Kb3 Rf5 48. Rd3 a6 49. Kb4 Rf1 50. c5 1-0

[Event "British Columbia-ch"]
[Site "Vancouver CAN"]
[Date "2004.04.09"]
[Round "1.4"]
[White "Yoos, John"]
[Black "Milicevic, Dragoljub"]
[Result "1-0"]
[WhiteElo "2432"]
[BlackElo "2211"]
[PlyCount "105"]
[GameId "2160767911166725"]
[EventDate "2004.04.09"]
[EventType "tourn"]
[EventRounds "7"]
[EventCountry "CAN"]

1. e4 e5 2. f4 exf4 3. Bc4 Qh4+ 4. Kf1 d6 5. Nc3 Be6 6. Qe2 Nc6 7. Nf3 Qh5 8. d4 Bg4 9. Bb5 O-O-O 10. Bxc6 bxc6 11. Bxf4 g5 12. Be3 Ne7 13. Kf2 Kd7 14. h3 Bxf3 15. Qxf3 Qxf3+ 16. gxf3 Bg7 17. h4 h6 18. Ne2 Bf6 19. Ng3 Ng6 20. h5 Ne7 21. Rad1 Rb8 22. b3 Bg7 23. f4 gxf4 24. Bxf4 Bf6 25. Kf3 Rb5 26. a4 Rb4 27. Bd2 Rbb8 28. Be3 Rbg8 29. Ne2 Bg5 30. Bf2 f5 31. e5 Ke6 32. exd6 cxd6 33. Rhe1 Kd7 34. c4 d5 35. Bg3 Rh7 36. Be5 Rf7 37. Nf4 Bxf4 38. Bxf4 Rg4 39. Rh1 Rf6 40. Rdg1 Rxg1 41. Rxg1 Rf8 42. Rg7 Ke6 43. Rh7 Ng8 44. Rc7 dxc4 45. Rxc6+ Kd7 46. Rc7+ Ke6 47. bxc4 Ra8 48. d5+ Kf6 49. d6 a5 50. c5 Ke6 51. c6 Kd5 52. Ra7 Rxa7 53. d7 1-0

[Event "British Columbia-ch"]
[Site "Vancouver CAN"]
[Date "2004.04.10"]
[Round "2"]
[White "Marosi, Gyorgy"]
[Black "Milicevic, Dragoljub"]
[Result "0-1"]
[WhiteElo "2131"]
[BlackElo "2187"]
[PlyCount "120"]
[GameId "2160767911166726"]
[EventDate "2004.04.09"]
[EventType "tourn"]
[EventRounds "7"]
[EventCountry "CAN"]
[SourceTitle "EXT 2006"]
[Source "ChessBase"]
[SourceDate "2005.11.24"]
[SourceVersion "1"]
[SourceVersionDate "2005.11.24"]
[SourceQuality "1"]

1. e4 d5 2. exd5 Nf6 3. d4 Nxd5 4. c4 Nb6 5. Nf3 g6 6. Nc3 Bg7 7. Be3 O-O 8. Qd2 Nc6 9. c5 Nd5 10. Bh6 Bg4 11. Bxg7 Kxg7 12. Be2 e6 13. Ng5 Bxe2 14. Nxe2 h6 15. Ne4 Qh4 16. N4g3 Rad8 17. Rd1 Rd7 18. O-O f5 19. f4 Rfd8 20. Rf3 Qf6 21. a3 Kg8 22. b4 a6 23. Rd3 g5 24. fxg5 hxg5 25. Rf1 Qg6 26. Nh1 f4 27. Nf2 Ne3 28. Rxe3 fxe3 29. Qxe3 Nxd4 30. Ng4 Nxe2+ 31. Qxe2 Rf8 32. Re1 Rd5 33. h3 Re8 34. Qf3 Rf8 35. Qe2 Rf4 36. c6 b5 37. Qe3 Rdd4 38. Qe5 Rd6 39. Qe3 Qd3 40. Qxd3 Rxd3 41. Rxe6 Kf7 42. Re5 Rxa3 43. Rxg5 Rxb4 44. Rd5 Rc3 45. Rd7+ Ke6 46. Rxc7 Kd6 47. Rd7+ Ke6 48. Rh7 Rxc6 49. Rh6+ Kd5 50. Ne3+ Kc5 51. Rh5+ Kd4 52. Rh4+ Kc5 53. Rh5+ Kd6 54. Rh6+ Kd7 55. Rh7+ Kc8 56. Nd5 Rb1+ 57. Kh2 Re6 58. h4 Rd1 59. Nf4 Rf6 60. g3 b4 0-1

[Event "British Columbia-ch"]
[Site "Vancouver CAN"]
[Date "2004.04.10"]
[Round "2.2"]
[White "Stanford, Mike"]
[Black "Yoos, John"]
[Result "1/2-1/2"]
[WhiteElo "2176"]
[BlackElo "2432"]
[PlyCount "54"]
[GameId "2160767911166728"]
[EventDate "2004.04.09"]
[EventType "tourn"]
[EventRounds "7"]
[EventCountry "CAN"]

1. e4 c5 2. Nc3 Nc6 3. g3 g6 4. Bg2 Rb8 5. d3 b5 6. Be3 b4 7. Nce2 Bg7 8. Qc1 Nd4 9. c3 bxc3 10. bxc3 Qa5 11. Bd2 Nxe2 12. Nxe2 Qb5 13. Qc2 Ba6 14. c4 Qb2 15. Rc1 Qxc2 16. Rxc2 d6 17. Bc3 Bxc3+ 18. Rxc3 Nf6 19. Rb3 Nd7 20. Kd2 Kd8 21. Nc3 e6 22. Ra3 Rb2+ 23. Ke3 Nb8 24. Rb1 Rxb1 25. Nxb1 Re8 26. Nc3 Re7 27. Ra5 Rc7 1/2-1/2

[Event "British Columbia-ch"]
[Site "Vancouver CAN"]
[Date "2004.04.10"]
[Round "2.3"]
[White "Fullbrook, Nigel"]
[Black "Meng, Fanhao"]
[Result "1/2-1/2"]
[WhiteElo "2200"]
[BlackElo "2296"]
[PlyCount "52"]
[GameId "2160767911166729"]
[EventDate "2004.04.09"]
[EventType "tourn"]
[EventRounds "7"]
[EventCountry "CAN"]

1. e4 e5 2. Nf3 Nc6 3. d4 exd4 4. c3 d5 5. exd5 Qxd5 6. cxd4 Bg4 7. Be2 Nf6 8. Nc3 Qd6 9. O-O a6 10. h3 Bh5 11. Be3 Rd8 12. Qb3 Qb4 13. Qxb4 Nxb4 14. g4 Bg6 15. Ne5 Bd6 16. Nxg6 hxg6 17. Kg2 c6 18. Bf3 Bc7 19. a3 Nd3 20. Rfd1 Nf4+ 21. Bxf4 Bxf4 22. d5 c5 23. d6 b6 24. Bc6+ Kf8 25. Na4 Rb8 26. b4 Be5 1/2-1/2

[Event "British Columbia-ch"]
[Site "Vancouver CAN"]
[Date "2004.04.10"]
[Round "2.4"]
[White "McLaren, Brian"]
[Black "Wu, Howard"]
[Result "1/2-1/2"]
[WhiteElo "2284"]
[BlackElo "2182"]
[PlyCount "88"]
[GameId "2160767911166730"]
[EventDate "2004.04.09"]
[EventType "tourn"]
[EventRounds "7"]
[EventCountry "CAN"]

1. e4 c5 2. Nc3 Nc6 3. g3 g6 4. Bg2 Bg7 5. d3 d6 6. Be3 e5 7. Qd2 Nf6 8. h3 Nd4 9. Nd1 Be6 10. c3 Nc6 11. Ne2 O-O 12. O-O Qd7 13. Kh2 Ne8 14. d4 cxd4 15. cxd4 Bc4 16. d5 Nd4 17. Ndc3 f5 18. Rfc1 Nxe2 19. Nxe2 Bxe2 20. Qxe2 f4 21. Bd2 Bh6 22. Rc3 Rc8 23. g4 Rxc3 24. Bxc3 Bg5 25. Bf3 Bd8 26. Kg2 Bb6 27. Rc1 g5 28. b3 Nc7 29. a4 Na6 30. Qd1 Rc8 31. Be2 Nc5 32. Bb5 f3+ 33. Qxf3 Qe7 34. Be1 Rf8 35. Qd1 Nxe4 36. f3 Nf6 37. Bg3 Be3 38. Rc2 Kh8 39. Qe1 Nxd5 40. Bc4 Nf4+ 41. Bxf4 gxf4 42. Bd5 Rd8 43. h4 Qd7 44. Qc3 b6 1/2-1/2

[Event "British Columbia-ch"]
[Site "Vancouver CAN"]
[Date "2004.04.10"]
[Round "3"]
[White "Wu, Howard"]
[Black "Marosi, Gyorgy"]
[Result "0-1"]
[WhiteElo "2181"]
[BlackElo "2131"]
[PlyCount "108"]
[GameId "2160767911166731"]
[EventDate "2004.04.09"]
[EventType "tourn"]
[EventRounds "7"]
[EventCountry "CAN"]
[SourceTitle "EXT 2006"]
[Source "ChessBase"]
[SourceDate "2005.11.24"]
[SourceVersion "1"]
[SourceVersionDate "2005.11.24"]
[SourceQuality "1"]

1. e4 c5 2. Nf3 e6 3. d4 cxd4 4. Nxd4 Nf6 5. Nc3 Nc6 6. Ndb5 d6 7. Bf4 e5 8. Bg5 a6 9. Na3 b5 10. Bxf6 gxf6 11. Nd5 f5 12. Bd3 Be6 13. Qh5 Bg7 14. O-O f4 15. c4 bxc4 16. Bxc4 O-O 17. Rac1 Rb8 18. b3 Qd7 19. Rfd1 Kh8 20. Qh4 Bxd5 21. Rxd5 f5 22. Rcd1 Nd4 23. exf5 Rf6 24. Qh3 Rbf8 25. Kh1 Rh6 26. Qg4 Nxf5 27. Kg1 Rg6 28. Qh3 Qe7 29. Bd3 Rh6 30. Qf3 Nd4 31. Qe4 Qh4 32. h3 Qh5 33. f3 Qh4 34. Nc2 Nf5 35. Qe1 Ng3 36. Bc4 Qe7 37. Kh2 Rhf6 38. Nd4 Qc7 39. Nc2 Nf5 40. Qd2 Qb6 41. Ra5 Rg6 42. Rxa6 Qb7 43. Qf2 e4 44. Ra7 Qb8 45. Ra5 Ne3 46. Rg1 Qb6 47. Nxe3 Qxa5 48. Nd5 e3 49. Qh4 Qd2 50. Qe7 Qf2 51. Nc7 Rh6 52. Be6 e2 53. Bd7 Rg8 54. Ne8 Be5 0-1

[Event "British Columbia-ch"]
[Site "Vancouver CAN"]
[Date "2004.04.10"]
[Round "3.2"]
[White "Meng, Fanhao"]
[Black "McLaren, Brian"]
[Result "1-0"]
[WhiteElo "2296"]
[BlackElo "2284"]
[PlyCount "127"]
[GameId "2160767911166733"]
[EventDate "2004.04.09"]
[EventType "tourn"]
[EventRounds "7"]
[EventCountry "CAN"]

1. e4 b6 2. g3 Bb7 3. Bg2 g6 4. Ne2 Bg7 5. O-O d6 6. Nbc3 Nd7 7. d3 e6 8. Be3 Ne7 9. Qd2 O-O 10. Bh6 a6 11. Bxg7 Kxg7 12. f4 c5 13. d4 Qc7 14. Rad1 Rad8 15. dxc5 Qxc5+ 16. Qd4+ f6 17. Qxc5 dxc5 18. Rd6 Nc8 19. Rxe6 Kf7 20. f5 g5 21. Nd5 b5 22. Nc7 Ne5 23. Nc3 Rd2 24. Rf2 Rxf2 25. Kxf2 Rd8 26. N3d5 Rd6 27. h3 h5 28. Ke2 Nc6 29. Rxd6 Nxd6 30. Ne6 c4 31. c3 Ne5 32. Nd8+ Kg7 33. Nxb7 Nxb7 34. Nc7 Nc5 35. Ke3 Na4 36. Nxa6 Nxb2 37. Nc7 b4 38. cxb4 c3 39. Bf1 Nf3 40. Bd3 Ne1 41. Ne6+ Kf7 42. Bb5 Nc2+ 43. Ke2 Ke7 44. a4 Nxb4 45. a5 Kd6 46. a6 Nxa6 47. Bxa6 Ke5 48. Bd3 h4 49. g4 Na4 50. Bc2 Nb2 51. Ke3 Nc4+ 52. Kd3 Nd2 53. Kxc3 Nf3 54. Bd3 Ng1 55. Bf1 Kxe4 56. Nxg5+ Ke5 57. Nh7 Nf3 58. Kd3 Ne1+ 59. Kd2 Nf3+ 60. Ke3 Ne1 61. Nf8 Kd6 62. Ng6 Nc2+ 63. Kf4 Nd4 64. Nxh4 1-0

[Event "British Columbia-ch"]
[Site "Vancouver CAN"]
[Date "2004.04.10"]
[Round "3.3"]
[White "Yoos, John"]
[Black "Fullbrook, Nigel"]
[Result "1-0"]
[WhiteElo "2432"]
[BlackElo "2200"]
[PlyCount "82"]
[GameId "2160767911166734"]
[EventDate "2004.04.09"]
[EventType "tourn"]
[EventRounds "7"]
[EventCountry "CAN"]

1. e4 c5 2. Nf3 d6 3. d4 cxd4 4. Nxd4 Nf6 5. Nc3 g6 6. Be3 Bg7 7. f3 Nc6 8. Qd2 Bd7 9. Bc4 Rc8 10. Bb3 Ne5 11. O-O-O Nc4 12. Bxc4 Rxc4 13. Kb1 Qa5 14. g4 h5 15. Nb3 Qa6 16. g5 Nh7 17. Nd5 Nf8 18. Qd3 Ne6 19. Na5 Ra4 20. Qxa6 bxa6 21. Nb3 Bc6 22. Rhg1 Bxd5 23. Rxd5 h4 24. h3 Be5 25. Rg4 Bg3 26. Nc1 Ng7 27. Nd3 Rc4 28. e5 Rxg4 29. fxg4 dxe5 30. Nxe5 Ne6 31. Nd3 Nc7 32. Rd4 O-O 33. Rd7 e6 34. c4 Rc8 35. Bxa7 e5 36. Nc5 Bf2 37. Nxa6 Nxa6 38. Bxf2 Rxc4 39. Bxh4 Nc5 40. Rd1 Ne6 41. Re1 Nf4 1-0

[Event "British Columbia-ch"]
[Site "Vancouver CAN"]
[Date "2004.04.10"]
[Round "3.4"]
[White "Milicevic, Dragoljub"]
[Black "Stanford, Mike"]
[Result "1/2-1/2"]
[WhiteElo "2211"]
[BlackElo "2176"]
[PlyCount "43"]
[GameId "2160767911166735"]
[EventDate "2004.04.09"]
[EventType "tourn"]
[EventRounds "7"]
[EventCountry "CAN"]

1. e4 c5 2. c4 Nc6 3. Nc3 e6 4. g3 g6 5. Bg2 Bg7 6. Nge2 Nge7 7. O-O O-O 8. d3 d6 9. Be3 Nd4 10. Qd2 b6 11. f4 Bb7 12. Bf2 Nxe2+ 13. Nxe2 f5 14. Nc3 Nc6 15. Rfe1 Qd7 16. Ne2 e5 17. exf5 gxf5 18. Nc3 Rae8 19. Nd5 Ne7 20. Nc3 Bxg2 21. Kxg2 Ng6 22. Nd5 1/2-1/2

[Event "British Columbia-ch"]
[Site "Vancouver CAN"]
[Date "2004.04.11"]
[Round "4"]
[White "Marosi, Gyorgy"]
[Black "Stanford, Mike"]
[Result "1/2-1/2"]
[WhiteElo "2131"]
[BlackElo "2176"]
[PlyCount "58"]
[GameId "2160767911166736"]
[EventDate "2004.04.09"]
[EventType "tourn"]
[EventRounds "7"]
[EventCountry "CAN"]
[SourceTitle "EXT 2006"]
[Source "ChessBase"]
[SourceDate "2005.11.24"]
[SourceVersion "1"]
[SourceVersionDate "2005.11.24"]
[SourceQuality "1"]

1. e4 c5 2. d4 cxd4 3. c3 Nf6 4. e5 Nd5 5. Nf3 e6 6. cxd4 b6 7. Nc3 Nxc3 8. bxc3 Qc7 9. Bb2 Bb7 10. Bd3 d6 11. O-O Nd7 12. Qe2 dxe5 13. Nxe5 Nxe5 14. dxe5 Bc5 15. Kh1 Rd8 16. Rad1 O-O 17. f4 g6 18. Bc1 Rfe8 19. Qg4 Rxd3 20. Rxd3 Ba6 21. Rfd1 Bxd3 22. Rxd3 Rd8 23. Qd1 Rxd3 24. Qxd3 Kf8 25. h3 Ke7 26. Be3 Bxe3 27. Qxe3 Qd7 28. c4 Qc6 29. Qa3+ Ke8 1/2-1/2

[Event "British Columbia-ch"]
[Site "Vancouver CAN"]
[Date "2004.04.11"]
[Round "4.2"]
[White "Fullbrook, Nigel"]
[Black "Milicevic, Dragoljub"]
[Result "0-1"]
[WhiteElo "2000"]
[BlackElo "2211"]
[PlyCount "74"]
[GameId "2160767911166738"]
[EventDate "2004.04.09"]
[EventType "tourn"]
[EventRounds "7"]
[EventCountry "CAN"]

1. e4 d5 2. exd5 Nf6 3. d4 Nxd5 4. c4 Nb6 5. Nc3 e5 6. d5 Bb4 7. Bd2 c6 8. a3 Be7 9. Nf3 O-O 10. Be2 cxd5 11. cxd5 Nxd5 12. Nxe5 Bf6 13. Nf3 Nxc3 14. Bxc3 Bxc3+ 15. bxc3 Qa5 16. O-O Qxc3 17. Qd4 Qxd4 18. Nxd4 Bd7 19. Bf3 Nc6 20. Nxc6 Bxc6 21. Bxc6 bxc6 22. Rac1 Rfc8 23. Rfd1 Rc7 24. g3 Kf8 25. Kg2 Rb8 26. Rc3 c5 27. Rd5 c4 28. Re5 f6 29. Re4 Rb3 30. Ree3 Rxc3 31. Rxc3 Ke7 32. Kf3 Kd6 33. Ke2 Kc5 34. Kd2 Rd7+ 35. Kc2 Re7 36. Kd2 Kd4 37. Rc1 c3+ 0-1

[Event "British Columbia-ch"]
[Site "Vancouver CAN"]
[Date "2004.04.11"]
[Round "4.3"]
[White "McLaren, Brian"]
[Black "Yoos, John"]
[Result "0-1"]
[WhiteElo "2284"]
[BlackElo "2432"]
[PlyCount "48"]
[GameId "2160767911166739"]
[EventDate "2004.04.09"]
[EventType "tourn"]
[EventRounds "7"]
[EventCountry "CAN"]

1. e4 c5 2. Nc3 Nc6 3. g3 g6 4. Bg2 Rb8 5. b3 Bg7 6. Bb2 d6 7. Nge2 e5 8. Nd5 Be6 9. f4 Nh6 10. O-O O-O 11. d3 Bxd5 12. exd5 Ne7 13. Qc1 Ng4 14. h3 Nf6 15. fxe5 Nfxd5 16. exd6 Bxb2 17. dxe7 Bxc1 18. exd8=Q Be3+ 19. Kh1 Rfxd8 20. Bxd5 Rxd5 21. g4 Re5 22. Ng3 Bd4 23. Rae1 Rxe1 24. Rxe1 Bf2 0-1

[Event "British Columbia-ch"]
[Site "Vancouver CAN"]
[Date "2004.04.11"]
[Round "4.4"]
[White "Wu, Howard"]
[Black "Meng, Fanhao"]
[Result "1-0"]
[WhiteElo "2182"]
[BlackElo "2296"]
[PlyCount "57"]
[GameId "2160767911166740"]
[EventDate "2004.04.09"]
[EventType "tourn"]
[EventRounds "7"]
[EventCountry "CAN"]

1. e4 e5 2. Nf3 Nc6 3. Bc4 Bc5 4. c3 Nf6 5. d4 exd4 6. cxd4 Bb4+ 7. Bd2 Bxd2+ 8. Nbxd2 d5 9. exd5 Nxd5 10. Qb3 Nce7 11. O-O O-O 12. Rfe1 c6 13. Ne5 Qb6 14. Ndf3 Bf5 15. Rad1 Rad8 16. Ng5 h6 17. Ne4 Bxe4 18. Rxe4 Nf5 19. Qf3 g6 20. Rg4 Kh7 21. b3 h5 22. Qh3 Nh6 23. Re4 Nf6 24. Rf4 Kg7 25. Qg3 Nhg4 26. Nxg4 hxg4 27. Rxf6 Rxd4 28. Rd6 Rxd6 29. Qxd6 1-0

[Event "British Columbia-ch"]
[Site "Vancouver CAN"]
[Date "2004.04.11"]
[Round "5"]
[White "Meng, Fanhao"]
[Black "Marosi, Gyorgy"]
[Result "0-1"]
[WhiteElo "2298"]
[BlackElo "2131"]
[PlyCount "82"]
[GameId "2160767911166741"]
[EventDate "2004.04.09"]
[EventType "tourn"]
[EventRounds "7"]
[EventCountry "CAN"]
[SourceTitle "EXT 2006"]
[Source "ChessBase"]
[SourceDate "2005.11.24"]
[SourceVersion "1"]
[SourceVersionDate "2005.11.24"]
[SourceQuality "1"]

1. e4 c5 2. c3 Nf6 3. e5 Nd5 4. d4 cxd4 5. Nf3 e6 6. cxd4 b6 7. Nc3 Nxc3 8. bxc3 Qc7 9. Bd2 Bb7 10. Bd3 d6 11. O-O Nd7 12. Ng5 dxe5 13. Qh5 g6 14. Qh3 Be7 15. Rfe1 Qd8 16. Qg4 h5 17. Qg3 h4 18. Qg4 Nf6 19. Qh3 e4 20. Bb5+ Kf8 21. f3 Qd5 22. Bf1 exf3 23. Re5 Qd6 24. Rae1 Bd5 25. Nxf3 Nh5 26. c4 Bxf3 27. Qxf3 Kg7 28. Bc3 Bf6 29. c5 Qc7 30. cxb6 axb6 31. d5 Ra3 32. R5e3 Rxc3 33. Rxc3 Bxc3 34. Rd1 Qc5+ 35. Qf2 exd5 36. Qxc5 bxc5 37. Be2 Bd4+ 38. Kf1 Nf4 39. Bd3 Re8 40. g3 hxg3 41. hxg3 Ne6 0-1

[Event "British Columbia-ch"]
[Site "Vancouver CAN"]
[Date "2004.04.11"]
[Round "5.2"]
[White "Yoos, John"]
[Black "Wu, Howard"]
[Result "1-0"]
[WhiteElo "2432"]
[BlackElo "2182"]
[PlyCount "101"]
[GameId "2160767911166743"]
[EventDate "2004.04.09"]
[EventType "tourn"]
[EventRounds "7"]
[EventCountry "CAN"]

1. e4 c5 2. Nf3 Nc6 3. d4 cxd4 4. Nxd4 Nf6 5. Nc3 d6 6. Bg5 e6 7. Qd2 a6 8. O-O-O Bd7 9. f4 b5 10. Bxf6 gxf6 11. Kb1 Qb6 12. Nxc6 Bxc6 13. Qe1 O-O-O 14. Bd3 b4 15. Ne2 d5 16. Ng3 h5 17. Qe2 h4 18. exd5 Bxd5 19. Ne4 Bb7 20. f5 e5 21. Bc4 Be7 22. Rd3 Rxd3 23. cxd3 Kb8 24. Re1 Qd4 25. Bxf7 a5 26. Qe3 Rd8 27. Qxd4 Rxd4 28. Kc2 Bxe4 29. dxe4 Bf8 30. g3 hxg3 31. hxg3 Bh6 32. Kb3 Ka7 33. Rh1 Bg5 34. Bd5 Kb6 35. Rh8 Kb5 36. Rb8+ Ka6 37. Ka4 Bh6 38. Re8 b3+ 39. Kxb3 Bg5 40. Re6+ Ka7 41. Rc6 Rb4+ 42. Kc3 Rd4 43. a3 Rd1 44. Re6 Rd4 45. b4 axb4+ 46. axb4 Bd2+ 47. Kc2 Bg5 48. b5 Rb4 49. Ra6+ Kb8 50. b6 Kc8 51. Ra8+ 1-0

[Event "British Columbia-ch"]
[Site "Vancouver CAN"]
[Date "2004.04.11"]
[Round "5.3"]
[White "Milicevic, Dragoljub"]
[Black "McLaren, Brian"]
[Result "0-1"]
[WhiteElo "2211"]
[BlackElo "2284"]
[PlyCount "132"]
[GameId "2160767911166744"]
[EventDate "2004.04.09"]
[EventType "tourn"]
[EventRounds "7"]
[EventCountry "CAN"]

1. Nf3 d6 2. d4 Bg4 3. Nbd2 Nd7 4. h3 Bh5 5. g4 Bg6 6. Nh4 e6 7. Nxg6 hxg6 8. Bg2 d5 9. e4 c6 10. Qe2 Be7 11. c3 Qc7 12. e5 c5 13. O-O cxd4 14. cxd4 Bb4 15. Nf3 Ne7 16. Bg5 Nc6 17. Rac1 Qb6 18. a3 Be7 19. Be3 a5 20. Rc2 a4 21. Rfc1 Qa6 22. Qd1 Bd8 23. Bf1 Qa5 24. Kg2 O-O 25. Bd3 Bb6 26. Qe2 Rac8 27. Bb5 Ndb8 28. Qd3 Rc7 29. Bd2 Qa7 30. Bc3 Rfc8 31. Bb4 Nxb4 32. Rxc7 Rxc7 33. Rxc7 Bxc7 34. axb4 Qb6 35. Qc3 Nc6 36. Qc5 f6 37. Bxc6 Qxc5 38. bxc5 bxc6 39. Kf1 Ba5 40. Ke2 Kf7 41. Ne1 g5 42. Nd3 Ke7 43. Kd1 Kd7 44. f4 gxf4 45. Nxf4 g5 46. Nd3 f5 47. Ke2 f4 48. Kf3 Bd2 49. h4 gxh4 50. Nxf4 Bc3 51. g5 Ke7 52. g6 Bxb2 53. Nd3 a3 54. Nb4 Kf8 55. Kg4 Bxd4 56. Nxc6 Bxc5 57. Nd8 a2 58. Nxe6+ Kg8 59. Nxc5 a1=Q 60. Kf5 Qa7 61. Ne6 h3 62. Ng5 h2 63. Nh7 Qf2+ 64. Kg5 h1=Q 65. Nf6+ Qxf6+ 66. exf6 d4 0-1

[Event "British Columbia-ch"]
[Site "Vancouver CAN"]
[Date "2004.04.11"]
[Round "5.4"]
[White "Stanford, Mike"]
[Black "Fullbrook, Nigel"]
[Result "1-0"]
[WhiteElo "2176"]
[BlackElo "2200"]
[PlyCount "47"]
[GameId "2160767911166745"]
[EventDate "2004.04.09"]
[EventType "tourn"]
[EventRounds "7"]
[EventCountry "CAN"]

1. e4 c5 2. Nf3 d6 3. d4 cxd4 4. Nxd4 Nf6 5. Nc3 g6 6. Be3 Bg7 7. f3 Nc6 8. Qd2 Bd7 9. O-O-O Rc8 10. Kb1 a6 11. Be2 b5 12. g4 h5 13. h3 b4 14. Nd5 a5 15. Nxc6 Rxc6 16. Bb5 Nxd5 17. Bxc6 Nxe3 18. Bxd7+ Qxd7 19. Qxe3 hxg4 20. hxg4 O-O 21. f4 Qxg4 22. f5 gxf5 23. Rdg1 Qxe4 24. Rxg7+ 1-0